MARC

LEADER 00000nam0a2200000 4500
001 38062
005 20231101210455.0
035 |a (RuTPU)RU\TPU\book\38681 
090 |a 38062 
100 |a 20020218d1971 k y0rusy50 ca 
101 0 |a rus 
102 |a RU 
105 |a a z 001zy 
200 1 |a Современные электронные приборы и схемы в физико-химическом исследовании  |f Н. Г. Алексеев, В. А. Прохоров, К. В. Чмутов 
205 |a 2-е изд., перераб. и доп. 
210 |a Москва  |c Химия  |d 1971 
215 |a 495 с.  |c черт. 
300 |a На пер. авт. не указаны 
320 |a Библиогр. в конце глав 
320 |a Предм. указ.: с. 487-495 
516 1 |a Электронные приборы и схемы 
520 1 |a Применение электронных приборов и схем в физико-химическом исследовании 
606 1 |a Электронные приборы  |2 stltpush  |3 (RuTPU)RU\TPU\subj\20460  |9 45561 
606 1 |a Физико-химический анализ  |2 stltpush  |3 (RuTPU)RU\TPU\subj\68857  |9 83965 
610 1 |a электроника 
610 1 |a схемы 
610 1 |a физико-химические исследования 
610 1 |a усилители 
610 1 |a выпрямители 
610 1 |a генераторы колебаний 
610 1 |a электрические величины 
610 1 |a приборы 
610 1 |a кондуктометры 
610 1 |a кулонометрия 
610 1 |a полярография 
610 1 |a давление 
610 1 |a вакуум 
610 1 |a температура 
610 1 |a измерения 
610 1 |a автоматические весы 
675 |a 621.38  |v 3 
675 |a 543.4/.5  |v 3 
700 1 |a Алексеев  |b Н. Г.  |g Николай Григорьевич 
701 1 |a Прохоров  |b В. А.  |g Виталий Афанасьевич 
701 1 |a Чмутов  |b К. В.  |g Константин Васильевич 
801 1 |a RU  |b 63413507  |c 20020218  |g PSBO 
801 2 |a RU  |b 63413507  |c 20210903  |g PSBO 
942 |c BK